000 01431nam0a2200325 4500
001 RU\NLR\bibl\838196
005 20250614144229.0
010 _a5-94552-041-1
_9500
021 _aRU
_b2005-46814
_92292
035 _a(NLR Aleph) 000827025
090 _a1336971
_c1336971
100 _a20050908d2005 |||y0rusy50 ca
101 0 _arus
102 _aRU
105 _ay |||||||||
200 1 _aСоциально-экономическое и политическое развитие сибирской деревни в период НЭПа (1921-1929 гг.)
_eмонография
_fЕ.В. Суверов
_gМ-во внутр. дел Рос. Федерации, Барнаул. юрид. ин-т
210 _aБарнаул
_cБарнаульский юридический институт МВД России
_d2005
215 _a195 с.
_d21
300 _aВ вып. дан. авт.: Суверов Е.В., к.ист.н., доц.
320 _aБиблиогр. в прим. в конце гл.
606 1 _aНовая экономическая политика
_yСибирь
_z1921 - 1929
_92397472
_3RU\NLR\auth\661429346
686 _aТ3(2)713-2,2
686 _aУ03(2)713.00-188
700 1 _aСуверов
_bЕ. В.
_gЕвгений Васильевич
_4070
801 0 _aRU
_bNLR
_c20050908
_grcr
801 1 _aRU
_bNLR
_c20050908
830 _aавт. по кн.
942 _cBOOK
980 _aNB